Mystery shopping bakalárska práca

Salvato in:
Dettagli Bibliografici
Autore principale: Vranovičová, Natália
Ente Autore: Obchodná fakulta EU. Katedra marketingu
Altri autori: Čvirik, Marián, 1992-
Natura: Libro
Lingua:slovacco
Pubblicazione: Bratislava 2019
Tags: Aggiungi Tag
Nessun Tag, puoi essere il primo ad aggiungerne!!

MARC

LEADER 00000nbm a2200000 4500
001 0255681
005 20190703101556.4
041 0 |a slo 
044 |a SK 
245 1 0 |a Mystery shopping  |b bakalárska práca  |c Natália Vranovičová ; školiteľ: Marián Čvirik 
264 1 |a Bratislava  |c 2019 
300 |a 58 s. 
100 1 |a Vranovičová, Natália 
700 1 |a Čvirik, Marián, 1992- 
710 2 |a Obchodná fakulta EU. Katedra marketingu